[Event "Corus"]
[Site "Wijk aan Zee"]
[Date "2002.01.16"]
[Round "4"]
[White "Leko, Peter"]
[Black "Timman, Jan H"]
[Result "1/2-1/2"]
[WhiteElo "2713"]
[BlackElo "2605"]
[Annotator "Lukacs,P"]
[PlyCount "96"]
[EventDate "2002.01.12"]
[EventType "tourn"]
[EventRounds "13"]
[EventCountry "NED"]
[EventCategory "18"]
[SourceTitle "CBM 087"]
[Source "ChessBase"]
[SourceDate "2002.03.21"]
[SourceVersion "1"]
[SourceVersionDate "2002.03.21"]
[SourceQuality "1"]

1. e4 c6 2. d4 d5 3. Nc3 dxe4 4. Nxe4 Nd7 5. Ng5 Ngf6 6. Bd3 e6 7. N1f3 Bd6 8.
Qe2 h6 9. Ne4 Nxe4 10. Qxe4 Qc7 11. Qg4 Kf8 12. O-O c5 13. b3 e5 (13... cxd4
14. Qxd4 Ne5 $5 {- Leko-Karpov, Linares SuperGM 2001 CBM 82}) 14. c3 $5 {
This novelty doesn't change the common opinion on this variation.} (14. dxc5 {
leads only to equality after} Nxc5 15. Bf5 h5 16. Qh3 Ne6 17. Qh4 Be7 18. Qg3 {
The Q cannot find her place!} Nf4 19. Bxf4 exf4 20. Qh3 g6 21. Bxc8 Rxc8 22. c4
Kg7 23. Nd4 Rhd8 $11 (23... Bf6 24. Nb5 (24. Rad1 Rcd8) 24... Qc5 $11 {
Gelfand-Speelman, Munich 1992})) 14... b6 (14... cxd4 $6 {opens up the
position only for the white pieces.} 15. cxd4 Qc3 {wants to win material, but
White's lead of development will become rather dangerous.} (15... Nc5 16. Bf5
Bxf5 17. Qxf5 exd4 18. Ba3 Qa5 $1 (18... b6 19. Rac1) 19. Bb2 $1 (19. Qd5 Rd8
20. Bxc5 (20. Ne5 Qc7 $1) 20... Qxc5 21. Qxb7 d3 $13 {and the strong o^ gives
Black sufficient counterplay.}) 19... Kg8 (19... d3 20. Ne5 Bxe5 21. Qxe5 f6
22. Qd6+ Kg8 23. Qd5+ $16) 20. Nxd4 {and White wins back the pawn with a
better development.} (20. Bxd4 Nxb3 $1) 20... Re8 21. Nf3 Bc7 22. Rfe1 $14) (
15... exd4 16. Qxd4 Bc5 (16... Ne5 $2 {founders on back rank motifs after} 17.
Nxe5 Bxe5 18. Ba3+ Kg8 19. Rfe1 $1 $18) 17. Qh4 $14 {and Black has problems
with his development.}) 16. Bc4 $1 Nf6 (16... Nb6 17. Qh4 Bf5 (17... Be7 $2 18.
Ba3 $1 $18) 18. Bd2 Qb2 19. dxe5 Be7 20. Qf4 Nxc4 21. Qxc4 Rc8 22. Qf4 $16) 17.
Qg3 Qxa1 (17... Ne4 18. Qh4 Bf5 19. dxe5 Qxa1 20. Qf4 g6 21. exd6 $16) 18. dxe5
Ne4 (18... Qxa2 19. exd6 Bg4 20. Re1 b5 (20... Bxf3 $2 21. Qxf3 $18) (20... Rc8
21. Nd4 Kg8 22. h3 $44 {and White has more than enough compensation for the
exchange.}) 21. Bxf7 Kxf7 22. Ne5+ Kg8 23. Nxg4 Nxg4 24. Qxg4 $16) (18... Be7
19. Ba3 Qxf1+ 20. Kxf1 Bxa3 21. exf6 gxf6 22. Qc7 $16) 19. Qf4 f5 20. exd6 $14
{with good attacking chances and better development for the sacrificed
material.}) (14... exd4 $5 15. cxd4 Ne5 (15... cxd4 $143 {- 14...cxd4}) (15...
Nf6 16. Qh4 Bg4) 16. Qe4 Nxf3+ 17. Qxf3 cxd4 18. Bb2 Bxh2+ 19. Kh1 {with a big
lead of development for the pawns.}) 15. Re1 cxd4 16. cxd4 Nc5 (16... Qc3 $2
17. Qe4 $1 $16) (16... Nf6 $2 17. Qg3 e4 $2 18. Ba3 $1 $18) (16... Bb7 {
deserved attention as well.} 17. Bb2 Nf6 18. Qg3 e4 (18... exd4 {is again
running into} 19. Ba3 Rd8 20. Rac1 Qb8 21. Bxd6+ Qxd6 22. Qxd6+ Rxd6 23. Rc7
$14) 19. Ba3 $1 Rd8 20. Nh4 $1 Kg8 21. Bxd6 Qxd6 22. Qxd6 Rxd6 23. Nf5 Rd8 24.
Bc4 g6 $15) 17. Bf5 h5 (17... Bxf5 $143 18. Qxf5 exd4 {is met by} 19. b4 Na4
20. Nxd4 Bxh2+ 21. Kh1 Kg8 (21... Qc3 22. Be3 $16) 22. Qf3 Rd8 23. Nc6 $16) 18.
Qg5 Be7 (18... exd4 {leads to lively complications:} 19. Bxc8 Rxc8 20. Bb2 Nd3
(20... f6 21. Qf5 $36) 21. Bxd4 f6 22. Bxf6 Nxe1 23. Rxe1 Kg8 $1 {Black has to
defend himself very carefully.} (23... Rh7 {is answered by the phantastic} 24.
Be7+ $3 Bxe7 25. Qf5+ Kg8 26. Qe6+ Kh8 27. Ne5 $1 Rh6 28. Nf7+ Kh7 29. Nxh6 $16
) 24. Qd5+ (24. Be7 Qc5 25. Bxd6 Qxd6 26. h4 $44 {is the other way of getting
compensation for the exchange.}) 24... Qf7 25. Qxd6 Qxf6 26. Qd5+ (26. Qd7 Kh7
$13) 26... Qf7 27. Qb5 $44) 19. Qd2 Bxf5 (19... exd4 $143 20. Nxd4 Bxf5 21.
Nxf5 $14) 20. dxc5 Rd8 21. cxb6 axb6 (21... Qxb6 22. Qb2 f6 23. Be3 Qb7 {
looks also tempting for Black because of his strong ^^ and [+].}) 22. Qb2 f6
23. Be3 Kf7 {Black has solved all of his opening problems, and now White has
to fight for the draw.} 24. Rac1 Qb7 25. Nd2 Rc8 26. a4 b5 27. axb5 Qxb5 28.
Nc4 Be6 29. Qc2 Rb8 $15 {winning the P, but White still has drawing chances.}
30. f4 Qxb3 31. fxe5 Qxc2 (31... Bxc4 32. Qxc4+ Qxc4 33. Rxc4 fxe5 {- 31...Qc2}
) 32. Rxc2 Bxc4 33. Rxc4 fxe5 34. Rf1+ Kg6 {Black is a P up, but converting it
to a win seems to be extremely difficult especially against Leko!} (34... Bf6
35. g4 $15) 35. g4 Bf6 36. gxh5+ Rxh5 37. Rg4+ Kf7 38. Bf2 Rd8 39. Re1 Rd2 40.
Rge4 Ke6 41. Bg3 Kd5 42. Ra4 Rf5 43. Ra5+ Ke6 44. Ra6+ Rd6 45. Ra5 Rd5 46. Ra6+
Kf7 47. Kg2 Kg6 48. Re2 Kh5 1/2-1/2

[Event "Capablanca Memorial Elite 38th"]
[Site "Havana"]
[Date "2003.05.15"]
[Round "9"]
[White "Bruzon Batista, Lazaro"]
[Black "Granda Zuniga, Julio E"]
[Result "1-0"]
[WhiteElo "2613"]
[BlackElo "2628"]
[Annotator "Lukacs,P"]
[PlyCount "51"]
[EventDate "2003.05.06"]
[EventType "tourn"]
[EventRounds "11"]
[EventCountry "CUB"]
[EventCategory "13"]
[SourceTitle "CBM 096"]
[Source "ChessBase"]
[SourceDate "2003.09.25"]
[SourceVersion "1"]
[SourceVersionDate "2003.09.25"]
[SourceQuality "1"]

1. e4 {[%mdl 4]} c6 2. d4 d5 3. Nd2 dxe4 4. Nxe4 Nd7 5. Bc4 Ngf6 6. Ng5 e6 7.
Qe2 Nb6 8. Bd3 h6 9. N5f3 c5 10. Be3 {White wants to finish his development
quickly, and according to Black's plan he will decide between 0-0 or 0-0-0.}
Nbd5 (10... Qc7 11. Ne5 {/\ Ngf3} Nbd7 {This looks a bit passive. Black has to
finish his development quickly.} (11... Bd7 12. Ngf3 (12. O-O-O $5 Rc8) 12...
cxd4 (12... Rc8 13. c4 Bd6 14. O-O O-O (14... Na4 $2 {allows White to
breakthrough in the [+].} 15. Nxd7 Nxd7 16. d5 $16 {Rantanen-Sarsa, corr 1980})
) 13. Bxd4 Bc5 (13... Bd6 14. O-O-O Nbd5 15. Nxd7 Kxd7 16. Ne5+ Ke7 {In the CK
the K is not always badly placed on e7!} 17. g3 $14 {Faibisovich-Rybak, Riga
1975}) 14. Bxc5 (14. O-O-O O-O {The K on the >> is rather vulnerable in view
of g4-g5.} 15. Bc3 Nbd5 16. Bd2 Rac8 17. g4 $40 {Fuglevic-Bernard, corr 1971})
14... Qxc5 15. O-O O-O 16. c4 Rfd8 17. a3 $5 {/\ b4 deserves attention
mobilizing White's << P majority.} (17. Qe3 $5 Qxe3 18. fxe3) (17. b3 Be8 $11 {
Hector-Blecken, BL 2000})) (11... cxd4 12. Bxd4 (12. Bb5+ {leads only to
unnecessary simplifications.} Bd7 13. Bxd4 Bxb5 14. Qxb5+ Nbd7 15. O-O-O a6 16.
Qe2 Bc5 17. Nxd7 Bxd4 18. Rxd4 Nxd7 19. Nf3 O-O 20. Rhd1 Nf6 21. Ne5 Rad8 $11 {
Hector-Gausel, Nordic-ch VISA 1997}) 12... a6 (12... Bc5 13. Ngf3 (13. Bxc5
Qxc5 14. Ngf3 O-O 15. c3 Nbd5 16. g3 b5 17. O-O b4 18. c4 Ne7 19. Rad1 Bb7 $13
{Ristoja-Koskinen, FIN-ch Tampere 1989}) 13... Bd7 {- 11...Bd7}) 13. Ngf3 (13.
Ng6 $143 $2 {- Hector-H.Olafsson,VISA Nordic GP Final Gentofte 1999 CBM 73})) (
11... a6 12. Ngf3 Nbd5 (12... Bd6 13. O-O Nbd5 14. c3 (14. Nc4 Be7 15. dxc5
Bxc5 16. Bxc5 Qxc5 17. Qe5 O-O 18. a3 {White wants to make profit from his <<
P majority.} Rd8 19. b4 Qf8 20. Rad1 Bd7 21. Na5 b6 22. Nb7 Rdb8 23. Nd6 Ba4
24. Ne4 Ra7 $11 {Hector-Speelman, Politiken Cup 2001}) 14... O-O (14... b5 {
creates only a target for White.} 15. a4 $1 (15. Bd2 O-O {- 14...0-0}) 15... c4
16. Bc2 Bb7 17. Bd2 O-O 18. Nh4 {/\ f4 strengthening the centralized knight's
position and preparing for the -> on the >>.} Ne7 19. f4 Rae8 $14 {
Wedberg-Enqvist, Stockholm 1995}) (14... b6 15. Rad1 (15. Rac1 $5) 15... O-O
16. Bc1 Bb7 17. Rfe1 Rfd8 18. Bb1 b5 19. a3 Rac8 20. h3 Ba8 21. Nh4 $1 cxd4 22.
cxd4 Qb7 $142 {Ftacnik} (22... Bf8 $2 23. Qd3 Qb7 24. Ng4 $14 {Karpov-Balashov,
Tilburg 1977})) 15. Bd2 {White is preparing to take back with the P on d4 with
a complicated isolani type of middlegame.} (15. Rac1 {Wedberg-Akesson, Skara
2002 CBM 91}) 15... b6 (15... cxd4 16. cxd4 {creates an isolated P structure,
where White has good attacking chances in view of >< h6.} Qe7 17. Rac1 Bd7 18.
Nxd7 Qxd7 19. Ne5 Qa4 20. Nc4 {White's chances are on the >>, here he follows
a false plan.} Bf4 21. b3 Qd7 22. Be3 Rac8 23. Qf3 Bb8 24. Ne5 Qe7 $15 {
Shaposhnikov-Sargissian, Wch U20 Athens 2001}) (15... b5 16. Rac1 {White now
wants to change the P structure and activate his pieces on the <<.} (16. dxc5 {
- Rublevsky-Lastin, RUS-ch Elista 1993 CBM 59}) 16... Bb7 (16... c4 {avoiding
the opening up the position looks safer.} 17. Bb1 Bb7) 17. c4 bxc4 18. Rxc4 Qe7
19. dxc5 Bxc5 20. Rfc1 Rfc8 21. a3 {White's possibilities of creating a remote
o^ give him the better chances.} a5 22. h3 a4 23. R4c2 Nb6 {[#]} 24. Nxf7 $1 {
This is the nice "petit combination"!} Kxf7 25. Ne5+ Kg8 26. Ng6 Qd6 27. Rxc5
$18 {Wedberg-Backstrom, SWE Cup qual 1999}) 16. Rfe1 (16. Rac1 {According
Rublevsky this is the right place for the R.} Bb7 17. Rfe1 b5 {running into
the motif we have seen before!} (17... Rfd8) 18. c4 $1 {This is the point,
White changes the P structure and grabs the |^ on the << as well.} bxc4 19.
Rxc4 Qe7 20. Rec1 Rfc8 21. dxc5 Rxc5 22. Rxc5 Bxc5 23. a3 {White has a << P
majority and better developed pieces.} Bd6 24. Nc6 Bxc6 25. Rxc6 {White has
the ^^ and the better P structure.} a5 26. g3 Bc7 27. Ne5 $16 {Rublevsky-Gulko,
Rubinstein mem Polanica Zdroj 1996}) 16... Bb7 17. Rad1 Rfe8 18. Bc1 b5 19. Bb1
Rad8 20. h3 Ba8 $11 {Torre-Barus, IND-ROW m Bali 1999}) (12... cxd4 13. Bxd4)
13. O-O (13. c3 Bd6 14. O-O {- 13.0-0}) (13. Bd2 $6 cxd4 14. Nxd4 Bd6 15. f4
Nb4 16. O-O-O Nxd3+ 17. Nxd3 O-O 18. Kb1 b6 $15 {Liberzon-Rogoff, Biel
Interzonal 1976}) 13... cxd4 14. Bxd4 Nf4 {exchanging the light-squared B is
an achievement for Black.} (14... Bc5 $6 15. Bb5+ $1 $16 {Rublevsky-Karpov,
Rubinstein mem Polanica Zdroj 1998 CBM 67}) 15. Qd2 Nxd3 16. Qxd3 Bc5 $13 (
16... Be7 $6 17. Nc4 $1 Bc5 (17... O-O $2 18. Nb6 Rb8 19. Be5 $18) 18. Be5 Qc6
19. Nd6+ Ke7 (19... Bxd6 20. Bxd6 $16) 20. Nd4 Qd5 21. Nxc8+ Raxc8 22. Nf5+
exf5 (22... Kf8 23. Qxd5) 23. Bxf6+ Kd6 24. Rad1 $16)) (11... Bd6 12. Ngf3 Nbd5
(12... Nbd7 {- 11...Nbd7}) (12... O-O $6 {is again answered by the thematic}
13. g4 $5 c4 14. Nxc4 Nxc4 15. Bxc4 Nxg4 16. Rg1 e5 17. O-O-O Nxe3 18. Qxe3 $40
{Shamkovich-Kholmov, SU-ch29 Baku 1961}) 13. O-O (13. Bb5+ $5 {is not so
decisive because of Karpov's favourite reply} Ke7 $1 14. O-O a6 15. Bd3 b5 16.
c3 Bb7 17. Bd2 cxd4 18. cxd4 Rhc8 $13 {Svidler-Karpov, Fontys Chess Tournament
Tilburg 1996}) 13... O-O 14. c3 b6 {and at least Black has spared the
weakening move a6.} 15. Bd2 Bb7 $13 {- Rublevsky-Galkin, RUS-Cup6 Krasnodar
1997 EXT 2000}) 12. Ngf3 Bd6 (12... b6 13. O-O-O Bb7 14. Bf4 Bd6 15. dxc5 Qxc5
16. Bb5 Bd5 17. Be3 Qb4 18. Rd4 Qc5 19. Rhd1 $18 {Kaiumov-Panbuda, Asia
Cities-ch 2000}) 13. O-O-O $1 (13. Nc4 Be7 14. a4 b6 15. O-O Bb7 $11 {
Gruener-Stabenov, DDR-FSM 1974}) 13... O-O {The opposite side castles give
White good attacking chances.} (13... a6 14. Rhe1 b5 (14... b6 {- 13...b6}) 15.
Nxd7 Bxd7 16. dxc5 Bxc5 17. Bxc5 Qxc5 18. Ne5 Ra7 19. f4 $16 {Mestel-Flesch,
London 1982}) (13... b6 14. Rhe1 a6 15. Kb1 (15. Nxd7 $5) (15. Nc4 $5) 15...
Bxe5 16. Nxe5 Nxe5 17. dxe5 Nd5 (17... Qxe5 $5 18. Qf3 Qb8 {was far from clear!
}) 18. Bc1 $14 {Shamkovich-Bleiman, Netanya 1975}) 14. g4 $1 {Now White's ->
is strong because of his better developed pieces and >< h6.} cxd4 (14... Nd5 $5
) 15. Bxd4 Nxe5 16. Nxe5 Rd8 (16... Nd7 17. f4 f6 18. Ng6 $16) 17. Rhg1 $1 {
Konguvel-Mohota, Calcutta 2002 CBM 88} (17. f4 Nd5)) 11. Ne5 a6 12. Ngf3 cxd4
$6 {This solves White's development, although gets the ^^.} (12... Qc7 {
- 10...Qc7 11.Ne5 a6}) 13. Bxd4 Qa5+ (13... Nf4 14. Qd2 Nxd3+ 15. Qxd3 {
Black has won the important d3 B, but lost a couple of tempi.} Be7 16. O-O (16.
O-O-O $5 O-O 17. g4 Nd5 18. c4 Nb4 19. Qb3 Qe8 20. a3 Nc6 21. Nxc6 Qxc6 22. Ne5
Qe8 23. f4 b5 24. c5 Bb7 $132 {Lastin-Guliev, Moscow 1997}) 16... O-O 17. c4
Qc7 $14) (13... Be7 14. O-O $14 (14. O-O-O Nf4 15. Qd2 Nxd3+ 16. Qxd3 O-O 17.
Rhe1 $14)) 14. c3 Nf4 15. Qd2 Nxd3+ 16. Qxd3 Qd5 {[#]} (16... Be7 17. Nc4 Qc7
18. Nb6 Rb8 19. O-O-O $1 O-O (19... Bd6 20. Kb1 $16) 20. Be5 $16) 17. O-O-O $1
{This is the point, development first!} b5 (17... Qxa2 $2 {is punished by} 18.
Ng6 $1 Ba3 19. c4 $18) (17... Be7 {is also met by the devastating} 18. Ng6 $1
$18) (17... Bd6 18. c4 Qe4 19. Qxe4 (19. Qc3 O-O 20. Rhe1 Qf4+ 21. Kb1 b5)
19... Nxe4 20. Rhe1 $16) 18. Rhe1 Bd6 ({On} 18... Qxa2 19. Ng6 $1 {comes again.
} Ba3 20. Re2 $1) (18... Bb7 19. Ng6 $1 Rg8 20. Nf4 Qd7 (20... Qc4 21. Rxe6+ $1
$18) 21. Nxe6 $1 $18 {and the K in the middle cannot survive the assault.}) 19.
c4 $1 (19. Ng6 $5 Rg8 20. Bxf6 Qxd3) 19... bxc4 (19... Qb7 20. c5 Be7 21. Kb1
O-O 22. g4 $16) 20. Nxc4 Bb7 $2 (20... Bf4+ 21. Kb1 $16) 21. Nb6 $18 {Now
Black is completely lost.} Qxa2 (21... Qc6+ 22. Kb1 Rb8 23. Bxf6 Qxb6 24. Rxe6+
fxe6 25. Qg6+ $18) 22. Bxf6 O-O 23. Qxd6 gxf6 24. Re3 Rac8+ 25. Nxc8 Rxc8+ 26.
Kd2 1-0

[Event "Mermaid Beach Club m"]
[Site "Bermuda"]
[Date "1999.01.31"]
[Round "10"]
[White "Adams, Michael"]
[Black "Seirawan, Yasser"]
[Result "1/2-1/2"]
[WhiteElo "2715"]
[BlackElo "2640"]
[Annotator "Lukacs,P"]
[PlyCount "135"]
[EventDate "1999.01.21"]
[EventType "match"]
[EventRounds "10"]
[EventCountry "BER"]
[SourceTitle "CBM 069"]
[Source "ChessBase"]
[SourceDate "1999.04.01"]
[SourceVersion "1"]
[SourceVersionDate "1999.04.01"]
[SourceQuality "1"]

1. e4 c6 2. d4 d5 3. Nd2 dxe4 4. Nxe4 Nd7 5. Ng5 Ngf6 6. Bd3 e6 7. N1f3 Bd6 8.
Qe2 h6 9. Ne4 Nxe4 10. Qxe4 Nf6 11. Qe2 b6 12. Bd2 Bb7 13. O-O-O Qc7 {This is
one of the most popular lines in the Caro Kann these days.} 14. Kb1 (14. Rhe1
O-O-O 15. Ba6 Bxa6 16. Qxa6+ Kb8 (16... Qb7 17. Qe2 c5 18. dxc5 Bxc5 19. Bc3
$14) 17. Qe2 b5 $5 {Black wants to build up a strong post for his N on d5, but
after c2-c4 he has problems on the <-> c.} (17... Qb7 {or}) (17... Ka8 {
/\ Rb8 Nd5 Rb7 Spasov seem to be sufficient for Black.}) 18. Kb1 Ka8 19. c4 $1
bxc4 20. Rc1 $1 Rb8 21. Rxc4 $14 {Spasov-Seirawan, Elista (ol) 1998}) 14...
O-O-O 15. c4 (15. Ba6 {is the thematic exchange here, but Black has a
rock-solid position.} Bxa6 16. Qxa6+ Kb8 17. Qe2 Qb7 (17... Nd7 18. c4 Rhe8 19.
Bc3 Be7 {The B changes for a better /^ to neutralize his opponent's B.} 20.
Rhe1 Bf6 $11 {Palac-Malakhov, Porto San Giorgio 1997}) 18. Rhe1 (18. Ne5 $6 {
is not a good change in the structure here.} Bxe5 19. dxe5 Nd5 {The position
resembles to the 4...Bf5 Caro Kann.} 20. h4 {/\ h5 fixing the target on g7 and
h6.} (20. Qg4 h5 $1) 20... c5 21. h5 Ne7 $1 22. f3 Rd7 $11 {Adams-Seirawan,
Mermaid Beach Club Match 1999})) 15... c5 (15... Kb8 16. Bc3 Rhe8 (16... c5 {
- 15...c5}) 17. Ne5 c5 18. f4 Qe7 19. dxc5 Bxc5 20. Bc2 {White wants to
exchange the strong B on the long /^.} Bd6 21. Ba4 Rf8 22. Bc6 {The plan is
accomplished.} Bxe5 23. Bxe5+ Ka8 24. Qf3 Bxc6 25. Qxc6+ Qb7 26. Qxb7+ Kxb7 27.
Kc2 $14 {Antoniou-Soot, Tallinn (op) 1997}) 16. Bc3 Kb8 (16... Rhg8 17. Rhe1
Kb8 18. Bc2 cxd4 19. Nxd4 {leads to a complicated middlegame.} a6 20. g3 Ka7
21. f4 Rc8 22. Nf3 Rgd8 23. Ne5 Ne8 24. h3 a5 25. b3 g6 26. g4 g5 27. fxg5 hxg5
$11 {Svidler-Vyzmanavin, Novgorod (op) 1995}) 17. dxc5 Bxc5 18. Bc2 Rxd1+ 19.
Rxd1 Rd8 20. Rxd8+ Qxd8 21. Ne5 Qc7 (21... Bxg2 $4 22. f3) 22. f4 Bd6 23. a3 $1
{This is an important prophilactic move here.} Kc8 24. g4 Bxe5 (24... g5 $6 {
is overoptimistic due to} 25. f5 exf5 26. Bxf5+ Kb8 27. Qd3 $1 $16 {/\ Nf7}) (
24... Ne8 25. g5 $14) 25. Bxe5 Qc6 26. Ka2 {The white K is in safety now
against any checks.} Qf3 (26... Ne8 27. g5 hxg5 28. fxg5 f6 29. gxf6 gxf6 30.
Bc3 $14 {and White has the ^^ and a distant o^.}) 27. Bd1 $5 ({It was time to
create some weaknesses on the >>.} 27. Qxf3 $1 Bxf3 28. g5 $1 Ne8 (28... hxg5
29. fxg5 {gives White some perspectives for creating a distant o^ on the <-> h.
} Ne4 (29... Ne8 30. Ba4 f6 (30... Kd8 31. Bb8 $16) 31. Bxe8 fxe5 32. Kb3 $16)
30. Bxg7 $5 {creating the distant o^.} (30. h4 $14) 30... Nxg5 31. h4 Ne4 32.
h5 f5 33. h6 Ng5 34. Bf6 Nh7 35. Be5 Bh5 36. b4 $16) 29. Ba4 (29. Bxg7 $2 hxg5)
(29. h4 $14) 29... f6 (29... Kd8 30. Bb8) 30. Bxe8 fxe5 31. gxh6 $1 gxh6 32.
fxe5 $16) 27... Qxe2 28. Bxe2 Ne8 29. h4 (29. g5 $5) 29... f6 30. Bd4 Kc7 {
Now White cannot breakthrough on the >> so easy.} 31. b4 Nd6 32. Kb3 (32. c5
Bd5+ $1 33. Ka1 (33. Kb2 Nc4+ $11) 33... Ne4 $11) 32... Nf7 $1 {/\ e5} 33. c5
e5 34. fxe5 Nxe5 $1 (34... fxe5 35. Be3 $14) 35. cxb6+ axb6 36. a4 g5 $1 $11 {
fixing the weakness on g4.} 37. hxg5 hxg5 38. a5 bxa5 39. bxa5 Kd6 $2 {Now
Black has to defend himself for another 50 moves.} (39... Bc8 {was the
simplest way to hold the position.} 40. Bxe5+ fxe5 $11) 40. a6 Bxa6 $1 $11 (
40... Bd5+ 41. Kb4 $16) 41. Bxa6 Nxg4 {eliminating the last white P. Black has
to protect his pawns, otherwise White has a theoretically winning position
having the ^^ against the N.} 42. Bc8 Ne5 43. Kc3 Nc6 44. Bg1 Ne7 45. Bh2+ Kd5
46. Bb7+ Ke6 47. Kd4 Kd7 48. Ba6 Ke6 49. Bc4+ Kf5 50. Bd6 Ng6 $1 51. Bd3+ Ke6
52. Bb4 Nf4 53. Bc2 f5 54. Ba5 Ne2+ 55. Ke3 Ng3 56. Bc3 Kf7 57. Be1 Ne4 58. Kd4
Kf6 59. Ba5 Nf2 60. Bd8+ Kg6 61. Bb1 Ng4 62. Be7 Nh6 63. Ke5 Kh5 64. Bd3 f4 65.
Be2+ Kh4 66. Ke4 Ng4 67. Bd1 Nh2 68. Kf5 1/2-1/2